<?xml version="1.0" encoding="UTF-8"?>
<record
    xmlns:xsi="http://www.w3.org/2001/XMLSchema-instance"
    xsi:schemaLocation="http://www.loc.gov/MARC21/slim http://www.loc.gov/standards/marcxml/schema/MARC21slim.xsd"
    xmlns="http://www.loc.gov/MARC21/slim">

  <leader>01476    a2200205   4500</leader>
  <controlfield tag="001">34346</controlfield>
  <controlfield tag="005">20260407155631.0</controlfield>
  <controlfield tag="008">260407a1974    arg                 spa d</controlfield>
  <controlfield tag="003">AR-UNSa-BCEJYS</controlfield>
  <datafield tag="040" ind1=" " ind2=" ">
    <subfield code="a">AR-UNSa-BCEJYS</subfield>
    <subfield code="b">spa</subfield>
    <subfield code="c">AR-UNSa-BCEJYS</subfield>
  </datafield>
  <datafield tag="080" ind1=" " ind2=" ">
    <subfield code="a">658</subfield>
    <subfield code="x">Administraci&#xF3;n de empresas. Organizaci&#xF3;n comercial</subfield>
  </datafield>
  <datafield tag="245" ind1="1" ind2="0">
    <subfield code="a">Introducci&#xF3;n a los negocios empresarios</subfield>
  </datafield>
  <datafield tag="264" ind1=" " ind2="1">
    <subfield code="a">Buenos Aires :</subfield>
    <subfield code="b">Tipogr&#xE1;fica Editora Argentina</subfield>
    <subfield code="c">1974</subfield>
  </datafield>
  <datafield tag="300" ind1=" " ind2=" ">
    <subfield code="a">514 p.</subfield>
    <subfield code="c">23 cm.</subfield>
  </datafield>
  <datafield tag="505" ind1=" " ind2=" ">
    <subfield code="a">1. Car&#xE1;cter de la empresa norteamericana - 2. Problemas habituales de la empresa - 3. Historia de las empresas norteamericanas - 4. Teor&#xED;a de la libre empresa - 5. Teor&#xED;a de la direcci&#xF3;n de empresa - 6. El &#xE1;mbito de la direcci&#xF3;n - 7. La moderna sociedad an&#xF3;nima: Poder y responsabilidad - 8. El hombre en la sociedad an&#xF3;nima - 9. Funciones de la empresa y aspectos relacionados con la obtenci&#xF3;n de mano de obra, materias primas, capital y equipos y tecnolog&#xED;as - 10. La estructura industrial - 11. Fabricaci&#xF3;n en serie y automatizaci&#xF3;n - 12. La estructura comercial - 13. Planificaci&#xF3;n de la empresa - 14. Organizaci&#xF3;n de la empresa - 15. Control de la empresa - 16. La empresa como ente social - 17. La empresa y las relaciones con el personal - 18. Relacioes laborales - 19. La empresa y el gobierno - 20. El futuro de la empresa norteamericana.</subfield>
  </datafield>
  <datafield tag="942" ind1=" " ind2=" ">
    <subfield code="c">BK</subfield>
  </datafield>
  <datafield tag="590" ind1=" " ind2=" ">
    <subfield code="a">niveau_biblio:m niveau_hierar:0</subfield>
  </datafield>
  <datafield tag="100" ind1="1" ind2=" ">
    <subfield code="a">Withers, William</subfield>
  </datafield>
  <datafield tag="700" ind1="1" ind2=" ">
    <subfield code="a">Robotnik, Mauricio</subfield>
  </datafield>
  <datafield tag="999" ind1=" " ind2=" ">
    <subfield code="c">2438</subfield>
    <subfield code="d">2438</subfield>
  </datafield>
  <datafield tag="952" ind1=" " ind2=" ">
    <subfield code="0">0</subfield>
    <subfield code="1">0</subfield>
    <subfield code="4">0</subfield>
    <subfield code="7">0</subfield>
    <subfield code="a">BCEJYS</subfield>
    <subfield code="b">BCEJYS</subfield>
    <subfield code="c">16</subfield>
    <subfield code="d">2026-04-07</subfield>
    <subfield code="l">0</subfield>
    <subfield code="o">658 W822</subfield>
    <subfield code="p">L25282</subfield>
    <subfield code="r">2026-04-07 15:56:31</subfield>
    <subfield code="w">2026-04-07</subfield>
    <subfield code="y">L</subfield>
  </datafield>
</record>
